| 000 | 00538nam a22001577a 4500 | ||
|---|---|---|---|
| 003 | NUST | ||
| 082 | _a621 | ||
| 100 |
_aNawaz ,Shaban _9122438 |
||
| 245 |
_aEnergy harvesting by bio-inspired inverted C-cylinders in stagger arrangements / _cShaban Nawaz |
||
| 264 |
_aIslamabad: _bSMME- NUST. _c2021. |
||
| 300 |
_a64p. ; _bSoft Copy, _c30cm. |
||
| 650 |
_aMS Mechanical Engineering _9119495 |
||
| 700 |
_aSupervisor : Dr. Emad Uddin _9119529 |
||
| 856 | _uhttp://10.250.8.41:8080/xmlui/handle/123456789/27953 | ||
| 942 |
_2ddc _cTHE |
||
| 999 |
_c608935 _d608935 |
||